000 00727nam a2200217 i 4500
001 139870
003 ES-MaACL
005 20230906195930.0
007 t|
008 070214s1973 sp af |||| |aspa d
100 1 _aSchliemann, Heinrich.
_9104422
245 1 0 _aAutobiografía /
_cHeinrich Schliemann ; traducción del alemán por Miguel Chamorro González.
260 _aMadrid :
_bAguilar,
_c1973.
300 _a166 p., 2 lám. :
_bil. ;
_c16 cm.
490 1 _aBiblioteca de iniciación al humanismo
600 1 4 _aSchliemann, Heinrich.
_9104422
700 1 _aChamorro González, Miguel.
_937897
830 0 _aBiblioteca de iniciación al humanismo
_9182729
852 _aES-MaACL
_jC-54522
999 _c139870
_d139870